Mia madre odia le carote : corrispondenza psicoanalitica tra sconosciuti, anoressia, corpo, sessualità /

Gespeichert in:
Bibliographische Detailangaben
1. Verfasser: Cotrufo, Paolo
Weitere Verfasser: Zoe
Format: Buch
Sprache:Italienisch
Veröffentlicht: Milano ; Udine : Mimesis, 2016
Schriftenreihe:Mimesis. Frontiere della psiche ; 62
Tags: Tag hinzufügen
Keine Tags, Fügen Sie das erste Tag hinzu!

MARC

LEADER 00000nam a22000007i 4500
001 IT\ICCU\VIA\0309814
003 ItRI
005 20260115232114.0
008 160215s2016 it |||||| ||||| |||||c
020 |a 9788857532264 
040 |b ita  |c importazione bologna sebina 
041 7 |a ita  |2 ISO-639-2 
100 1 |a Cotrufo, Paolo  |0 IT\ICCU\LO1V\309443 
245 1 0 |a Mia madre odia le carote :  |b corrispondenza psicoanalitica tra sconosciuti, anoressia, corpo, sessualità /  |c Paolo Cotrufo, Zoe ; prefazione di Antonino Ferro. 
260 |a Milano ;  |a Udine :  |b Mimesis,  |c 2016 
300 |a 153 p. ;  |c 21 cm. 
700 0 |a Zoe  |0 IT\ICCU\PALV\059758 
830 0 |a Mimesis. Frontiere della psiche ;  |v 62  |0 IT\ICCU\REA\0259771 
942 |2 ddc  |c BK  |n 0 
952 |0 0  |1 0  |4 0  |6 DOC_616_852000000000000_COT  |7 0  |9 20137  |a BO  |b BO  |d 2026-01-15  |i 18316  |l 0  |o DOC 616.852 COT  |p BO18316  |r 2026-01-15 23:21:14  |w 2026-01-15  |x [Sebina 5] [1 v.]  |y BK  |z 1 v. 
999 |c 17168  |d 17168